000 00315nam a2200133Ia 4500
100 _aJain/K.C/ Aggarwal/A.C
942 _cBK
654 _aproduction
245 _aProduction planning control and industrial management
260 _bKhanna
_aDelhi
082 _a658.562
_bJAI
300 _a1385
546 _aENGLISH
999 _c35193
_d35193